'D' Logos Close-Up Quiz Stats

 Plays Quiz Updated Jul 24, 2019

Score 0/20 Timer 06:00
37 Plays Today
Hint Answer % Correct
Disney
99.2%
Dove
99.1%
Dell
98.3%
Domino's Pizza
98.2%
Dr Pepper
97.5%
Doritos
96%
Dunkin'
93.6%
Los Angeles Dodgers
92.8%
Miami Dolphins
89.7%
DHL Express
88.8%
Hint Answer % Correct
Dairy Queen
88.3%
Dole
88%
DreamWorks Animation
87.2%
Denny's
84.9%
Discovery Channel
80.7%
Delta
70.3%
Dropbox
57.1%
DC Shoes
54.8%
Duolingo
37.6%
Discord
18.5%

You're not logged in!

Compare scores with friends on all Sporcle quizzes.
OR
Log In

Sporcle TV

Today on Sporcle TV


Watch our educational content, quiz creation guides, and fun videos on Sporcle TV.

Show Comments

Extras

Top Quizzes Today


Score Distribution

Your Account Isn't Verified!

In order to create a playlist on Sporcle, you need to verify the email address you used during registration. Go to your Sporcle Settings to finish the process.

Report this User

Report this user for behavior that violates our Community Guidelines.

Details: